LEADER 00843nam2 2200289 450 001 9910166360403321 005 20170313093033.0 100 $a20170313d1947----km y0itay50 ba 101 0 $anor 102 $aNO 105 $a 001yy 200 1 $aA: Tekstbind$emed analyser av kartene$fby Tore Sund and Axel Sømme 210 $aBergen$cJ. Griegs Boktreykkeri$d1947 215 $a88 p.$d24 cm 225 1 $aSkrifter fra Norges handelshøyskole$v1 461 0$10019910166360503321 610 0 $aNorvegia 676 $v22 700 1$aSund,$bTore$f<1914-1965>$0740415 701 1$aSomme,$bAxel Christian Zellitz$f<1899-1991>$0740416 801 0$aIT$bUNINA$gRICA$2UNIMARC 901 $aBK 912 $a9910166360403321 952 $aH-05-148$bIst. 7378$fILFGE 959 $aILFGE 996 $aA: Tekstbind$91468011 997 $aUNINA LEADER 02375nam 2200553 450 001 9910480120803321 005 20180613001258.0 010 $a0-8218-9934-1 035 $a(CKB)3360000000464049 035 $a(EBL)3113652 035 $a(SSID)ssj0000973192 035 $a(PQKBManifestationID)11553106 035 $a(PQKBTitleCode)TC0000973192 035 $a(PQKBWorkID)10960088 035 $a(PQKB)10044135 035 $a(MiAaPQ)EBC3113652 035 $a(PPN)19541019X 035 $a(EXLCZ)993360000000464049 100 $a20730522d1973 uy| 0 101 0 $aeng 135 $aur|n|---||||| 181 $ctxt 182 $cc 183 $acr 200 10$aCanonical differential operators and lower-order symbols /$fRobert John Victor Jackson 210 1$aProvidence :$cAmerican Mathematical Society,$d1973. 215 $a1 online resource (246 p.) 225 1 $aMemoirs of the American Mathematical Society ;$vnumber 135 300 $aDescription based upon print version of record. 311 $a0-8218-1835-X 320 $aBibliography: pages 235. 327 $a""TABLE OF CONTENTS""; ""ABSTRACT""; ""ACKNOWLEDGEMENTS""; ""INTRODUCTION""; ""PART I""; ""CHAPTER ONE: SYMBOLS""; ""A?1.0 Introduction""; ""A?1.1 Symbols of Pseudo-Differential Operators on I?©[sub(A??)](X)""; ""A?1.2 Symbols of Partial Differential Operators on I?©[sub(A??)](X)""; ""A?1.3 Sub-sub-principal Symbols""; ""CHAPTER TWO: SPECIAL CANONICAL OPERATORS""; ""A?2.0 Introduction""; ""A?2.1 Canonical Operators on ""Volume Preserving"" Manifolds""; ""A?2.2 The Laplace-Beltrami Operator on I?©[sub(k)](X)""; ""A?2.3 Self-Adjoint, Second-Order Operators on I?©[sub(A??)](X)""; ""A?2.4 Conclusions"" 410 0$aMemoirs of the American Mathematical Society ;$vno. 135. 606 $aManifolds (Mathematics) 606 $aPseudodifferential operators 606 $aJet bundles (Mathematics) 608 $aElectronic books. 615 0$aManifolds (Mathematics) 615 0$aPseudodifferential operators. 615 0$aJet bundles (Mathematics) 676 $a516/.36 700 $aJackson$b Robert John Victor$0874430 801 0$bMiAaPQ 801 1$bMiAaPQ 801 2$bMiAaPQ 906 $aBOOK 912 $a9910480120803321 996 $aCanonical differential operators and lower-order symbols$91952473 997 $aUNINA